| 000 | 00534nam a2200181Ia 4500 | ||
|---|---|---|---|
| 008 | 100921s9999 xx 000 0 und d | ||
| 082 |
_b12410 _a320 थ 77 |
||
| 100 | _a--- | ||
| 245 | _aबातचीत. | ||
| 260 |
_bअभय प्रकाशन, पुणे. _c1977 |
||
| 300 |
_a67 _b--- |
||
| 365 | _b3 | ||
| 520 | _aस.शा.राज्यशास्त्र. | ||
| 630 | _aबातचीत. | ||
| 650 | _aस.शा.राज्यशास्त्र. | ||
| 730 | _aबातचीत. | ||
| 942 | _cBOOK | ||
| 999 |
_c761523 _d761520 |
||